A view from the porch swing : (Record no. 590175)

000 -LEADER
fixed length control field 00926pam a2200253 a 4500
001 - CONTROL NUMBER
control field 3544828
003 - CONTROL NUMBER IDENTIFIER
control field NUST
005 - DATE AND TIME OF LATEST TRANSACTION
control field 20220622163151.0
008 - FIXED-LENGTH DATA ELEMENTS--GENERAL INFORMATION
fixed length control field 971029s1998 tnu 000 0 eng
010 ## - LIBRARY OF CONGRESS CONTROL NUMBER
LC control number 97039216
020 ## - INTERNATIONAL STANDARD BOOK NUMBER
International Standard Book Number 0805460977 (trade paper)
038 ## - RECORD CONTENT LICENSOR
Staff Name Arshad
040 ## - CATALOGING SOURCE
Original cataloging agency DLC
Transcribing agency DLC
Modifying agency DLC
050 00 - LIBRARY OF CONGRESS CALL NUMBER
Classification number PN6162
Item number .F744 1998
082 00 - DEWEY DECIMAL CLASSIFICATION NUMBER
Classification number 814.54
Author Mark JOH
100 1# - MAIN ENTRY--PERSONAL NAME
Personal name Johnson, Becky Freeman,
Dates associated with a name 1959-
9 (RLIN) 92081
245 12 - TITLE STATEMENT
Title A view from the porch swing :
Remainder of title musings on a complicated search for the simple life /
Statement of responsibility, etc. Becky Freeman.
260 ## - PUBLICATION, DISTRIBUTION, ETC.
Place of publication, distribution, etc. Nashville, Tenn. :
Name of publisher, distributor, etc. Broadman & Holman,
Date of publication, distribution, etc. c1998.
300 ## - PHYSICAL DESCRIPTION
Extent x, 213 p. ;
Dimensions 23 cm.
650 #0 - SUBJECT ADDED ENTRY--TOPICAL TERM
Topical term or geographic name entry element American wit and humor.
9 (RLIN) 7482
906 ## - LOCAL DATA ELEMENT F, LDF (RLIN)
a 7
b cbc
c orignew
d 1
e ocip
f 19
g y-gencatlg
942 ## - ADDED ENTRY ELEMENTS (KOHA)
Source of classification or shelving scheme
Koha item type Book
Holdings
Withdrawn status Lost status Source of classification or shelving scheme Damaged status Not for loan Permanent Location Current Location Shelving location Date acquired Total Checkouts Full call number Barcode Date last seen Date last checked out Price effective from Koha item type
          Central Library (CL) Central Library (CL) Fiction 06/22/2022 2 814.54 JOH CL3393 07/11/2025 05/31/2025 06/22/2022 Book
© 2023 Central Library, National University of Sciences and Technology. All Rights Reserved.